[Event "Russian Championship (Blitz, Men)"]
[Site "Sochi"]
[Date "2018.10.07"]
[Round "19.27"]
[White "Potapov, Pavel"]
[Black "Savitskiy, Sergey"]
[Result "1/2-1/2"]
[BlackElo "2283"]
[WhiteElo "2459"]
[LiveChessVersion "1.4.8"]

1. e4 {[%clk 0:03:02]} e5 {[%clk 0:03:03]} 2. Nf3 {[%clk 0:03:02]} Nc6
{[%clk 0:03:03]} 3. Nc3 {[%clk 0:03:03]} Nf6 {[%clk 0:03:03]} 4. d4
{[%clk 0:03:03]} exd4 {[%clk 0:03:04]} 5. Nxd4 {[%clk 0:03:03]} Bb4
{[%clk 0:03:02]} 6. Nxc6 {[%clk 0:03:03]} bxc6 {[%clk 0:03:03]} 7. Bd3
{[%clk 0:03:04]} O-O {[%clk 0:03:02]} 8. O-O {[%clk 0:03:03]} d5 {[%clk 0:03:03]}
9. exd5 {[%clk 0:03:03]} cxd5 {[%clk 0:03:04]} 10. Bg5 {[%clk 0:03:02]} c6
{[%clk 0:02:59]} 11. Qf3 {[%clk 0:03:02]} 1/2-1/2

[Event "Russian Championship (Blitz, Men)"]
[Site "Sochi"]
[Date "2018.10.07"]
[Round "19.34"]
[White "Rjabzev, Konstantin"]
[Black "Lugovskoy, Maxim"]
[Result "0-1"]
[BlackElo "2436"]
[WhiteElo "2265"]
[LiveChessVersion "1.4.8"]

1. e4 {[%clk 0:03:03]} e6 {[%clk 0:03:03]} 2. d4 {[%clk 0:03:04]} d5
{[%clk 0:03:05]} 3. Nd2 {[%clk 0:03:05]} dxe4 {[%clk 0:03:02]} 4. Nxe4
{[%clk 0:03:06]} Bd7 {[%clk 0:03:04]} 5. Nf3 {[%clk 0:02:56]} Bc6
{[%clk 0:03:04]} 6. Bd3 {[%clk 0:02:57]} Nd7 {[%clk 0:03:04]} 7. O-O
{[%clk 0:02:57]} Ngf6 {[%clk 0:03:05]} 8. Nxf6+ {[%clk 0:02:55]} Qxf6
{[%clk 0:03:04]} 9. c3 {[%clk 0:02:45]} h6 {[%clk 0:03:03]} 10. Re1
{[%clk 0:02:44]} Bd6 {[%clk 0:03:04]} 11. Be4 {[%clk 0:02:41]} Bxe4
{[%clk 0:03:04]} 12. Rxe4 {[%clk 0:02:42]} O-O {[%clk 0:03:01]} 13. Qe2
{[%clk 0:02:38]} Rad8 {[%clk 0:03:02]} 14. g3 {[%clk 0:02:30]} c5
{[%clk 0:03:03]} 15. Bf4 {[%clk 0:02:29]} Bxf4 {[%clk 0:02:59]} 16. Rxf4
{[%clk 0:02:30]} Qg6 {[%clk 0:03:01]} 17. Ne5 {[%clk 0:02:19]} Nxe5
{[%clk 0:03:02]} 18. dxe5 {[%clk 0:02:20]} Qd3 {[%clk 0:02:53]} 19. Qh5
{[%clk 0:02:16]} Qc2 {[%clk 0:02:46]} 20. Re1 {[%clk 0:01:59]} Qxb2
{[%clk 0:02:47]} 21. Rg4 {[%clk 0:02:00]} Kh8 {[%clk 0:02:48]} 22. Rf4
{[%clk 0:01:32]} Qxc3 {[%clk 0:02:47]} 23. Ree4 {[%clk 0:01:32]} Qc2
{[%clk 0:02:27]} 24. Re3 {[%clk 0:01:13]} Qd1+ {[%clk 0:02:27]} 25. Qxd1
{[%clk 0:01:07]} Rxd1+ {[%clk 0:02:28]} 26. Ra4 0-1

[Event "Russian Championship (Blitz, Men)"]
[Site "Sochi"]
[Date "2018.10.07"]
[Round "20.15"]
[White "Shcherbakov, Ruslan"]
[Black "Gordievsky, Dmitry"]
[Result "1/2-1/2"]
[BlackElo "2614"]
[WhiteElo "2501"]
[LiveChessVersion "1.4.8"]

1. e4 {[%clk 0:03:01]} c5 {[%clk 0:03:04]} 2. Nf3 {[%clk 0:03:02]} g6
{[%clk 0:03:05]} 3. c3 {[%clk 0:03:01]} Nf6 {[%clk 0:03:05]} 4. e5
{[%clk 0:02:57]} Nd5 {[%clk 0:03:07]} 5. Qb3 {[%clk 0:02:43]} e6 {[%clk 0:02:56]}
6. Bc4 {[%clk 0:02:36]} Nb6 {[%clk 0:02:52]} 7. Be2 {[%clk 0:02:36]} Nc6
{[%clk 0:02:33]} 8. d4 {[%clk 0:02:27]} cxd4 {[%clk 0:02:33]} 9. cxd4
{[%clk 0:02:27]} d6 {[%clk 0:02:35]} 10. O-O {[%clk 0:01:52]} Bg7
{[%clk 0:02:29]} 11. Bg5 {[%clk 0:01:47]} Nxd4 {[%clk 0:02:16]} 12. Nxd4
{[%clk 0:01:39]} Qxg5 {[%clk 0:02:16]} 13. Bb5+ {[%clk 0:01:41]} Kf8
{[%clk 0:02:08]} 14. Nf3 {[%clk 0:01:39]} Qe7 {[%clk 0:01:58]} 15. exd6
{[%clk 0:01:39]} Qxd6 {[%clk 0:01:54]} 16. Rd1 {[%clk 0:01:35]} Qe7
{[%clk 0:01:48]} 17. Nc3 {[%clk 0:01:35]} h6 {[%clk 0:01:30]} 18. a4
{[%clk 0:01:28]} Kg8 {[%clk 0:01:24]} 19. a5 {[%clk 0:01:28]} Nd5
{[%clk 0:01:25]} 20. Nxd5 {[%clk 0:01:05]} exd5 {[%clk 0:01:26]} 21. Qxd5
{[%clk 0:01:02]} Kh7 {[%clk 0:01:10]} 22. Bc4 {[%clk 0:00:47]} Rf8
{[%clk 0:01:02]} 23. Re1 {[%clk 0:00:42]} Qb4 {[%clk 0:01:00]} 24. Qe4
{[%clk 0:00:17]} Qxb2 {[%clk 0:00:41]} 25. Rab1 {[%clk 0:00:17]} Qc3
{[%clk 0:00:25]} 26. Rbc1 {[%clk 0:00:13]} Qxa5 {[%clk 0:00:23]} 27. Qe7
{[%clk 0:00:10]} Qd8 {[%clk 0:00:18]} 28. Qxd8 {[%clk 0:00:08]} Rxd8
{[%clk 0:00:19]} 29. Bxf7 {[%clk 0:00:10]} Bf5 {[%clk 0:00:14]} 30. Nh4
{[%clk 0:00:10]} Bd3 31. Red1 Rac8 {[%clk 0:00:05]} 32. Rxc8 {[%clk 0:00:09]}
Rxc8 {[%clk 0:00:07]} 33. h3 {[%clk 0:00:10]} Be4 {[%clk 0:00:05]} 34. f3
{[%clk 0:00:10]} Bc2 {[%clk 0:00:05]} 35. Rd6 {[%clk 0:00:09]} Rc6
{[%clk 0:00:05]} 36. Rd7 {[%clk 0:00:09]} a5 {[%clk 0:00:04]} 37. Rxb7
{[%clk 0:00:08]} a4 {[%clk 0:00:05]} 38. Ra7 {[%clk 0:00:08]} Rb6
{[%clk 0:00:04]} 39. f4 {[%clk 0:00:07]} Rc6 {[%clk 0:00:03]} 40. Kh2
{[%clk 0:00:07]} Rb6 {[%clk 0:00:04]} 41. Nf3 {[%clk 0:00:08]} Rf6
{[%clk 0:00:04]} 42. Ne5 {[%clk 0:00:09]} Rxf4 {[%clk 0:00:05]} 43. Nd7
{[%clk 0:00:09]} Rf2 {[%clk 0:00:03]} 44. Bd5 {[%clk 0:00:09]} Rf4
{[%clk 0:00:03]} 45. Ra8 h5 {[%clk 0:00:04]} 46. Be6 {[%clk 0:00:09]} Kh6
{[%clk 0:00:04]} 47. Bd5 {[%clk 0:00:11]} Rf1 {[%clk 0:00:05]} 48. Ra6
{[%clk 0:00:11]} Rd1 {[%clk 0:00:05]} 49. Be6 {[%clk 0:00:11]} Re1
{[%clk 0:00:05]} 50. Bd5 {[%clk 0:00:13]} Bb2 {[%clk 0:00:05]} 51. Nc5
{[%clk 0:00:12]} a3 {[%clk 0:00:06]} 52. Bc4 {[%clk 0:00:12]} Be5+
{[%clk 0:00:06]} 53. g3 {[%clk 0:00:13]} Bb2 {[%clk 0:00:06]} 54. Bd3
{[%clk 0:00:13]} Bxd3 55. Nxd3 {[%clk 0:00:14]} Re2+ {[%clk 0:00:07]} 56. Kg1
{[%clk 0:00:15]} a2 {[%clk 0:00:08]} 57. Kf1 {[%clk 0:00:16]} Re3
{[%clk 0:00:05]} 58. Rxa2 {[%clk 0:00:17]} Rxd3 {[%clk 0:00:06]} 59. Rxb2
{[%clk 0:00:18]} Rxg3 {[%clk 0:00:07]} 60. h4 {[%clk 0:00:15]} Rg4
{[%clk 0:00:07]} 61. Rh2 {[%clk 0:00:16]} Kg7 {[%clk 0:00:08]} 62. Kf2
{[%clk 0:00:17]} Kf6 {[%clk 0:00:09]} 63. Kf3 {[%clk 0:00:19]} Kf5
{[%clk 0:00:11]} 64. Rh1 {[%clk 0:00:20]} Ra4 {[%clk 0:00:12]} 65. Kg3
{[%clk 0:00:20]} Ra3+ {[%clk 0:00:13]} 66. Kf2 {[%clk 0:00:20]} Kf4
{[%clk 0:00:14]} 67. Rb1 {[%clk 0:00:15]} Ra2+ {[%clk 0:00:13]} 68. Kf1
{[%clk 0:00:15]} Ra6 {[%clk 0:00:12]} 69. Kg2 {[%clk 0:00:16]} Ra2+
{[%clk 0:00:12]} 70. Kh3 {[%clk 0:00:17]} Ra3+ {[%clk 0:00:13]} 71. Kh2
{[%clk 0:00:17]} Re3 {[%clk 0:00:12]} 72. Rb6 {[%clk 0:00:16]} Kf5
{[%clk 0:00:13]} 73. Kg2 {[%clk 0:00:14]} Re6 {[%clk 0:00:14]} 74. Rb5+
{[%clk 0:00:14]} Re5 {[%clk 0:00:15]} 75. Rb4 {[%clk 0:00:12]} Re4
{[%clk 0:00:15]} 76. Rb5+ {[%clk 0:00:13]} Re5 {[%clk 0:00:10]} 77. Rb4
{[%clk 0:00:13]} Re4 {[%clk 0:00:07]} 78. Rb5+ {[%clk 0:00:14]} Kf4
{[%clk 0:00:09]} 79. Rg5 {[%clk 0:00:13]} Re6 {[%clk 0:00:09]} 80. Kf2
{[%clk 0:00:12]} Ra6 81. Kg2 Rb6 {[%clk 0:00:12]} 82. Kh2 {[%clk 0:00:14]} Kf3
{[%clk 0:00:12]} 83. Rg3+ {[%clk 0:00:13]} Kf2 {[%clk 0:00:12]} 84. Rg2+
{[%clk 0:00:14]} Kf3 {[%clk 0:00:13]} 85. Rg3+ {[%clk 0:00:15]} Kf4
{[%clk 0:00:14]} 86. Rg5 {[%clk 0:00:17]} Rd6 {[%clk 0:00:13]} 87. Kh3
{[%clk 0:00:15]} Rf6 {[%clk 0:00:10]} 88. Kg2 {[%clk 0:00:15]} Ke4
{[%clk 0:00:11]} 89. Kh3 {[%clk 0:00:10]} Kf3 {[%clk 0:00:11]} 90. Rg3+
{[%clk 0:00:11]} Ke2 {[%clk 0:00:10]} 91. Rg2+ {[%clk 0:00:11]} Ke3
{[%clk 0:00:10]} 92. Rg5 {[%clk 0:00:12]} Ke4 {[%clk 0:00:07]} 93. Kg3
{[%clk 0:00:12]} Rf3+ {[%clk 0:00:08]} 94. Kg2 {[%clk 0:00:12]} Rf6
{[%clk 0:00:05]} 95. Kg3 {[%clk 0:00:13]} Ra6 {[%clk 0:00:05]} 96. Kh3
{[%clk 0:00:13]} Kf4 {[%clk 0:00:05]} 97. Kg2 {[%clk 0:00:11]} Rb6
{[%clk 0:00:03]} 98. Kh3 {[%clk 0:00:10]} Rf6 {[%clk 0:00:05]} 99. Kg2
{[%clk 0:00:12]} Ke4 {[%clk 0:00:06]} 100. Kg3 {[%clk 0:00:12]} Ke3
{[%clk 0:00:07]} 101. Kg2 {[%clk 0:00:12]} Rf4 {[%clk 0:00:06]} 102. Kg3
{[%clk 0:00:10]} Rf1 {[%clk 0:00:05]} 103. Kg2 {[%clk 0:00:11]} Rf6
{[%clk 0:00:05]} 104. Kg3 {[%clk 0:00:12]} Ke4 {[%clk 0:00:05]} 105. Kg2
{[%clk 0:00:13]} Ke5 1/2-1/2

[Event "Russian Championship (Blitz, Men)"]
[Site "Sochi"]
[Date "2018.10.07"]
[Round "20.27"]
[White "Savitskiy, Sergey"]
[Black "Potapov, Pavel"]
[Result "1/2-1/2"]
[BlackElo "2459"]
[WhiteElo "2283"]
[LiveChessVersion "1.4.8"]

1. e4 {[%clk 0:03:01]} e5 {[%clk 0:03:02]} 2. Nf3 {[%clk 0:02:59]} Nc6
{[%clk 0:03:03]} 3. d4 {[%clk 0:03:00]} exd4 {[%clk 0:03:02]} 4. Nxd4
{[%clk 0:03:01]} Nf6 {[%clk 0:03:02]} 5. Nc3 {[%clk 0:03:01]} Bb4
{[%clk 0:03:03]} 6. Nxc6 {[%clk 0:02:58]} bxc6 {[%clk 0:03:03]} 7. Bd3
{[%clk 0:02:58]} O-O {[%clk 0:03:03]} 8. O-O {[%clk 0:02:56]} d5 {[%clk 0:03:03]}
9. exd5 {[%clk 0:02:55]} cxd5 {[%clk 0:03:03]} 10. Bg5 {[%clk 0:02:53]} c6
{[%clk 0:02:58]} 11. Qf3 {[%clk 0:02:52]} 1/2-1/2